| 000 | 00749nam a22002297a 4500 | ||
|---|---|---|---|
| 999 |
_c18222 _d18222 |
||
| 003 | AR-CdUCM | ||
| 008 | 190513b ||||| |||| 00| 0 spa d | ||
| 040 |
_aMUNICIPALIDAD PROVINCIAL DEL CUSCO _cBIBLIOTECA MUNICIPAL DEL CUSCO |
||
| 082 |
_25ed. _a137 / _bK94 |
||
| 100 |
_aKünkel, Fritz _937099 |
||
| 245 | _aLa formación del carácter / | ||
| 260 |
_aBuenos Aires : _bPidos, _c1968. |
||
| 300 |
_a315 páginas ; _c19 cm. |
||
| 440 |
_aBiblioteca del hombre contemporáneo _96408 |
||
| 505 | _aContenido : El nosotros -- Egocentrismo -- El yo maduro ... | ||
| 650 |
_aPsicología _91538 |
||
| 650 |
_aCarácter _916709 |
||
| 650 |
_aFormacion _98434 |
||
| 700 |
_aDickerson, Roy E. _938685 |
||
| 942 |
_2ddc _cLIBROS |
||
| 945 |
_arah _d2019/05/13 |
||